La argumentación en la Justicia Constitucional
Furkejuvvon:
| Váldodahkki: | |
|---|---|
| Materiálatiipa: | Girji |
| Giella: | espánnjágiella |
| Almmustuhtton: |
Lima
Grijley
2013
|
| Preanttus: | 1a. ed |
| Ráidu: | Colección Derecho y Tribunales
|
| Fáttát: | |
| Fáddágilkorat: |
Lasit fáddágilkoriid
Eai fáddágilkorat, Lasit vuosttaš fáddágilkora!
|
MARC
| LEADER | 00000cam a2200000 a 4500 | ||
|---|---|---|---|
| 001 | UCC5775 | ||
| 003 | CL-VaPUC | ||
| 008 | 181026e20130000pe |||||||||||||||||spa|d | ||
| 020 | |a 9789972044182 | ||
| 082 | 0 | 4 | |a 342.85 |b EZQ |2 21 |
| 100 | 0 | |a Ezquiaga Ganuzas, Francisco Javier |e author |9 600136 | |
| 245 | 1 | 3 | |a La argumentación en la Justicia Constitucional |
| 250 | |a 1a. ed | ||
| 300 | |a v | ||
| 942 | |c BK | ||
| 945 | |d 20181026 16:22:00 |a dcastane | ||
| 260 | |a Lima |b Grijley |c 2013 | ||
| 650 | 0 | |a Derecho constitucional |9 222588 | |
| 650 | 0 | |a Derecho peruano |9 386941 | |
| 650 | 0 | |a Jurisprudencia |9 255952 | |
| 650 | 0 | |a Tribunal constitucional |9 255000 | |
| 583 | |a last modification |c 20181026 16:22:00 |k Rodrigo Vera | ||
| 490 | 0 | |a Colección Derecho y Tribunales | |
| 999 | |c 372889 |d 372887 | ||
| 952 | |0 0 |1 0 |3 erd |4 0 |6 342_850000000000000_EZQ_2013 |7 0 |8 A |9 490764 |a BIBDER |b BIBDER |h v.1 |i 5510279 |o 342.85 EZQ 2013 |p 5510279 |r 2023-01-25 |w 2019-11-24 |y BK |z Catalogado en:20181026 |k DER | ||